书目信息 |
| 题名: |
婚姻家庭法案例讲堂
|
|
| 作者: | 张迪圣 , 张素 编著 ;刘涛 绘图 | |
| 分册: | ||
| 出版信息: | 北京 中国法制出版社 2009.04 |
|
| 页数: | 259页 | |
| 开本: | 21cm | |
| 丛书名: | 100个怎么办 | |
| 单 册: | ||
| 中图分类: | D923.905 | |
| 科图分类: | ||
| 主题词: | 婚姻法--案例--分析--中国 | |
| 电子资源: | ||
| ISBN: | 978-7-5093-1076-2 | |
| 000 | 00967nam 2200265 450 | |
| 005 | 20100522164739.48 | |
| 010 | @a978-7-5093-1076-2@dCNY22.00 | |
| 100 | @a20100515d2009 em y0chiy50 ea | |
| 101 | 0 | @achi |
| 102 | @aCN@b110000 | |
| 105 | @ay z 000yy | |
| 200 | 1 | @a婚姻家庭法案例讲堂@Ahun yin jia ting fa an li jiang tang@f张迪圣, 张素编著@Fzhang di sheng,zhang su bian zhu@g刘涛绘图 |
| 210 | @a北京@c中国法制出版社@d2009.04 | |
| 215 | @a259页@c图@d21cm | |
| 225 | 2 | @a100个怎么办 |
| 300 | @a画解纠纷 | |
| 330 | @a本书可让你以最短的时间、最少的精力、最轻松有趣的方式,了解婚姻法,并在生活中了解法律如何保障您的权利,如何防止落入陷阱,如何解决相关争议,学法,用法,达到自我保护的目的。 | |
| 410 | 0 | @12001@a100个怎么办 |
| 606 | 0 | @a婚姻法@x案例@x分析@y中国 |
| 690 | @aD923.905@v4 | |
| 701 | 0 | @a张迪圣@Azhang di sheng@4编著 |
| 701 | 0 | @a张素@Azhang su@4编著 |
| 702 | 0 | @a刘涛@Aliu tao@4绘图 |
| 801 | 0 | @aCN@c20100515 |
| 905 | @dD923.905@eZ090@f3 | |
| 婚姻家庭法案例讲堂/张迪圣, 张素编著/刘涛绘图.-北京:中国法制出版社,2009.04 |
| 259页:图;21cm.-(100个怎么办) |
| 画解纠纷 |
| ISBN 978-7-5093-1076-2:CNY22.00 |
| 本书可让你以最短的时间、最少的精力、最轻松有趣的方式,了解婚姻法,并在生活中了解法律如何保障您的权利,如何防止落入陷阱,如何解决相关争议,学法,用法,达到自我保护的目的。 |
| ● |
| 相关链接 |
|
|
|
正题名:婚姻家庭法案例讲堂
索取号:D923.905/Z090
 
预约/预借
| 序号 | 登录号 | 条形码 | 馆藏地/架位号 | 状态 | 备注 |
| 1 | 982563 | 209825634 | 社科库509/509社科库 95排2列4层/ [索取号:D923.905/Z090] | 在馆 | |
| 2 | 982564 | 209825643 | 社科库509/509社科库 95排2列4层/ [索取号:D923.905/Z090] | 在馆 | |
| 3 | 982565 | 209825652 | 社科库509/509社科库 95排2列4层/ [索取号:D923.905/Z090] | 在馆 |